Ensayos : seguidos de todas sus cartas conocidas hasta el día /

Tallennettuna:
Bibliografiset tiedot
Päätekijä: Montaigne, Michel Eyquem de (autor)
Muut tekijät: Sáenz Hayes, Ricardo (prólogo) (prólogo)
Aineistotyyppi: Kirja
Kieli:espanja
Julkaistu: Buenos Aires, Argentina : Aguilar, 1962, c1962
Sarja:(Biblioteca Filosófica Aguilar)
Aiheet:
Tagit: Lisää tagi
Ei tageja, Lisää ensimmäinen tagi!

MARC

LEADER 00000nam^a2200000^a^4500
001 000179858
005 20250521000000.0
009 20260310101838.329
037 |a Acervo ITESO - Biblioteca 
041 |a ESP 
082 |a 149. 73  |b MON 
100 |a Montaigne, Michel Eyquem de  |e (autor) 
240 1 1 |a [Ensayos de Montaigne] 
245 1 0 |a Ensayos :  |b seguidos de todas sus cartas conocidas hasta el día /  |c M.E. de Montaigne ; pról. de R. Sáenz Hayes ; tr. por Constantino Román y Salamero. 
264 4 |a Buenos Aires, Argentina :  |b Aguilar,  |c 1962, c1962 
300 |a 2 v. (536, 454 p.) 
336 |a texto  |b txt  |2 rdacontenido 
337 |a sin mediación  |b n  |2 rdamedio 
338 |a volumen  |b nc  |2 rdasoporte 
440 1 |a (Biblioteca Filosófica Aguilar) 
649 |a XX 
650 |a Ensayos Franceses 
650 |a Cartas Francesas 
650 |a Epistemología 
650 |a Estética 
650 |a Etica 
650 |a Escepticismo 
650 |a Filosofía del Renacimiento 
650 |a Filosofía Política 
650 |a Filosofía Francesa 
650 |a Filosofía y Literatura 
650 |a Literatura Francesa -  |y Siglo XVI 
700 |a Sáenz Hayes, Ricardo  |e (prólogo) 
910 |a Fondo Armando Suárez Gómez 
920 |a Impresos - Libros 
930 |a Fondos Especiales 
905 |a 111 
901 |a 0700004524  |b IT2  |c ESP  |u 20250521 
901 |a 0700004526  |b IT2  |c ESP  |u 20250521 
902 |a https://opac.biblio.iteso.mx/vufind/Record/000179858